Hipólito Irigoyen /
Guardado en:
| Autor Corporativo: | |
|---|---|
| Formato: | |
| Materias: | |
| Etiquetas: |
Agregar Etiqueta
Sin Etiquetas, Sea el primero en etiquetar este registro!
|
| LEADER | 01020ngm a22002775g 4500 | ||
|---|---|---|---|
| 001 | CEM.cems022893 | ||
| 008 | 130507b2008##################0###0#####d | ||
| 005 | 20241126142703.0 | ||
| 245 | 1 | 0 | |a Hipólito Irigoyen / |c Canal Encuentro. |
| 300 | |a 32'. | ||
| 500 | |a En soporte VHS, consultar en ventanilla. | ||
| 505 | 0 | |a Biografía de Irigoyen. Ascenso político. Revolución del '90. Divergencias con Alvear. Nace la UCR. Presidencia de Irigoyen. 1ra.guerra mundial. Alvear y los antipersonalistas. 2da.presidencia. Crisis del '30. Golpe de Estado. | |
| 538 | |a Soporte: VHS - Norma: Pal N - Color: Si - Grabación DRD 2008 - Hitachi=0000. | ||
| 110 | 2 | |a Canal Encuentro. | |
| 082 | 9 | 8 | |/ ENC |
| 653 | |a HISTORIA | ||
| 653 | |a HISTORIA ARGENTINA | ||
| 653 | |a IRIGOYEN | ||
| 653 | |a POLITICA | ||
| 653 | |a UCR | ||
| 653 | |a CRISIS DEL '30 | ||
| 653 | |a ALEM | ||
| 653 | |a ALVEAR | ||
| 653 | |a NIVEL PRIMARIO | ||
| 653 | |a NIVEL SECUNDARIO | ||
| 859 | |a CEMS |b BIB. CEMS - Depto. Recursos Didacticos |h 982 |i ENC |k DRD |p 1536.12 |t Ej.1 | ||
